Teoria del comercio y politica comercial para el desarrollo.

Bibliographic Details
Main Author: Linder, Staffan Burenstam, 1931-2000
Corporate Author: Centro de Estudios Monetarios Latinoamericanos
Format: Book
Language:Spanish
Published: Mexico : Centro de Estudios Monetarios Latinoamericanos, 1965.
Series:Estudios (Centro de Estudios Monetarios Latinoamericanos)
Subjects:

MARC

Tag First Indicator Second Indicator Subfields
LEADER 00000cam a2200000 4500
001 in00000430813
005 20151012081707.0
008 800329s1965 mx a b 00000 spa d
035 |a (OCoLC)06141974 
035 |9 ABX7259AM 
040 |a BUF  |c BUF  |d TXA  |d UtOrBLW 
049 |a TXAM  |c [470228] 
090 |a HF3376  |b .B8 
092 |a 380.972  |b B952t 
100 1 |a Linder, Staffan Burenstam,  |d 1931-2000. 
245 1 0 |a Teoria del comercio y politica comercial para el desarrollo. 
264 1 |a Mexico :  |b Centro de Estudios Monetarios Latinoamericanos,  |c 1965. 
300 |a 247 pages :  |b illustrations 
336 |a text  |b txt  |2 rdacontent 
337 |a unmediated  |b n  |2 rdamedia 
338 |a volume  |b nc  |2 rdacarrier 
490 1 |a C.E.M.L.A. Estudios 
504 |a Includes bibliography. 
650 0 |a Commerce  |z Latin America. 
650 0 |a Economic development  |z Latin America. 
710 2 |a Centro de Estudios Monetarios Latinoamericanos. 
830 0 |a Estudios (Centro de Estudios Monetarios Latinoamericanos) 
999 |a MARS 
999 f f |s 372e82f3-0d47-30a1-970a-6426e2d1c74f  |i c9bad98b-8dfc-388e-a8f2-85aaef79257b  |t 0 
952 f f |p ric  |a Texas A&M University  |b Rellis Campus  |c Joint Library Facility  |d Remote Storage  |t 0  |e HF3376 .B8  |h Library of Congress classification  |i unmediated -- volume  |m A14800873947 
998 f f |a HF3376 .B8  |t 0  |l Remote Storage